[Event "Caldas Novas op 1st"]
[Site "Caldas Novas"]
[Date "2017.03.12"]
[Round "6"]
[White "Gomes, Carlos"]
[Black "De Andrade, Francisco Edmundo"]
[Result "0-1"]
[WhiteElo "1570"]
[BlackElo "1908"]
[PlyCount "104"]
[EventDate "2017.03.10"]
[EventType "swiss"]
[EventRounds "6"]
[EventCountry "BRA"]
[SourceTitle "CBM 177 Extra"]
[Source "ChessBase"]
[SourceDate "2017.04.27"]
[SourceVersion "1"]
[SourceVersionDate "2017.04.27"]
[SourceQuality "1"]

1. e4 e5 2. Nf3 Nc6 3. Bc4 Nf6 4. Nc3 Be7 5. a3 0-0 6. 0-0 Nxe4 7. Nxe4 d5 8. Bxd5 Qxd5 9. Nc3 Qd8 10. h3 f5 11. d3 Be6 12. Re1 Bf6 13. Bd2 Kh8 14. Nh2 Qd7 15. Ne2 Rad8 16. Bc3 f4 17. Kh1 Bh4 18. Rf1 f3 19. Nxf3 Rxf3 20. gxf3 Bxh3 21. Ng3 Bxf1 22. Qxf1 Qf7 23. Kg2 Rf8 24. Qe2 Nd4 25. Bxd4 exd4 26. Qe4 Qf4 27. Rh1 Qxe4 28. fxe4 Bxg3 29. Kxg3 g6 30. f4 Kg7 31. Kg4 a5 32. b3 b5 33. Rg1 Kf6 34. e5+ Ke6 35. Rf1 Rf5 36. Re1 h5+ 37. Kg3 g5 38. Re4 Rxf4 39. Rxf4 gxf4+ 40. Kxf4 h4 41. b4 axb4 42. axb4 h3 43. Kg3 Kxe5 44. Kxh3 Kf4 45. Kh4 Ke3 46. Kg4 Kd2 47. Kf4 Kxc2 48. Ke4 Kc3 49. Kd5 Kxd3 50. Kc5 Kc3 51. Kxb5 d3 52. Kc5 c6 0-1

[Event "Brasilia-ch 53rd"]
[Site "Brasilia"]
[Date "2013.08.18"]
[Round "9"]
[White "Maciel, Diogo Alves"]
[Black "De Andrade, Francisco Edmundo"]
[Result "1/2-1/2"]
[WhiteElo "1593"]
[BlackElo "1963"]
[PlyCount "105"]
[EventDate "2013.08.12"]
[EventType "swiss"]
[EventRounds "9"]
[EventCountry "BRA"]
[SourceTitle "CBM 155 Extra"]
[Source "ChessBase"]
[SourceDate "2013.08.26"]
[SourceVersion "1"]
[SourceVersionDate "2013.08.26"]
[SourceQuality "1"]

1. e4 c6 2. d4 d5 3. Nc3 dxe4 4. Nxe4 Bf5 5. Ng3 Bg6 6. h4 h6 7. Nh3 e5 8. h5 Bh7 9. dxe5 Qxd1+ 10. Kxd1 Nd7 11. Bd3 Bxd3 12. cxd3 0-0-0 13. f4 Nxe5 14. Ke2 Nxd3 15. Rd1 Nxc1+ 16. Raxc1 Nf6 17. Nf2 Bd6 18. Nd3 Rhe8+ 19. Kf3 g6 20. hxg6 fxg6 21. Re1 g5 22. Nf5 Bxf4 23. Nxf4 Rxe1 24. Rxe1 gxf4 25. Nxh6 Nd5 26. Nf7 Rf8 27. Nd6+ Kc7 28. Ne4 a5 29. Nc5 Rf6 30. Rh1 Rf7 31. a3 b6 32. Ne6+ Kd6 33. Ng5 Re7 34. Rh6+ Kd7 35. Ne4 Kc7 36. Rh8 b5 37. Ra8 a4 38. Ra7+ Kd8 39. Ra8+ Kd7 40. Ra7+ Ke6 41. Nc5+ Kf5 42. Rxe7 Nxe7 43. Nd3 Nd5 44. Nc5 Ne3 45. b3 axb3 46. Nxb3 Nc2 47. Ke2 Ke4 48. Nc5+ Kd4 49. Nd3 Ke4 50. Nc5+ Kf5 51. a4 bxa4 52. Nxa4 Ne3 53. g3 1/2-1/2